| 000 | 00443cam a2200193 4500 | ||
|---|---|---|---|
| 001 | D7058 | ||
| 008 | 090401t1978 xxu||||| |||| 00| 0 eng d | ||
| 035 | _a(Sirsi) u4977 | ||
| 041 | _aeng | ||
| 050 | _a336.22 | ||
| 100 | _aMellows, Anthony R | ||
| 245 | _aTaxation of land transactions | ||
| 250 | _a2nd | ||
| 260 |
_aLondon _bButterworths _c1978 |
||
| 300 | _axxxix. 582p. 22cm | ||
| 350 | _a18.6 | ||
| 942 | _n0 | ||
| 948 | _c04/03/1997 | ||
| 999 |
_c86098 _d86098 |
||